LEADER 01620nam a2200313 u 4500 001 000000029359 003 CaOOAMICUS 005 20070226111916.0 008 970303s1992 it u000 u ita u 020 $a88 348 2026 6 035 $a10753909 040 $aPUL$bita 111 2 $aGiornate canonistiche di studio.$d(1991 :$cVenezia).$0(OLS)http://pul/name/23748 245 10$aDiritto canonico e comparazione :$bGiornate canonistiche di studio - Venezia 22-23 maggio 1991 /$ca cura di R. Bertolino, S. Gherro, L. Musselli. 260 $aTorino :$bGiappichelli,$c1992. 300 $a320 p. ;$c20 cm 490 1 $aCollana di studi di diritto canonico ed ecclesiastico.$aSezione canonistica ;$v6 650 4$aDiritto comparato.$0(OLS)http://pul/subject/489 650 4$aDiritto ecclesiastico comparato.$0(OLS)http://pul/subject/16862 700 1 $aMusselli, Luciano.$0(OLS)http://pul/name/14341 700 1 $aBertolino, Rinaldo.$0(OLS)http://pul/name/11667 700 1 $aGherro, Sandro.$0(OLS)http://pul/name/23741 830 0$aCollana di studi di diritto canonico ed ecclesiastico.$pSezione canonistica ;$v6.$0(OLS)http://pul/title/11570 850 $aPUL 852 $aPUL$W1$xSL Diritto Canonico 3$y77$m262. 99 CAN.7 1.1.7$j40693$nBK-PRI$b $qDDC 21$B40693$CPULBib$Z2$F40693 $H69265 $82 941 1 $a9 996 $6020$a88 348 2026 6$9(OLS)http://pul/number/36684 996 $6245$aDiritto canonico e comparazione :$bGiornate canonistiche di studio - Venezia 22-23 maggio 1991$9(OLS)http://pul/title/40204 996 $6260$aTorino :$bGiappichelli$9(OLS)http://pul/publisher/48244 LEADER 01551nam a2200325 a 4500 001 000000142093 003 CaOOAMICUS 005 20150304094356.0 008 150304s2013 it af u000 u ita r 020 $z9788884505002* 040 $aPUL$bita 082 04$a726.5 245 00$aCome a Gerusalemme :$bevocazioni, riproduzioni, imitazioni dei luoghi santi tra Medioevo ed età moderna /$ca cura di Anna Benvenuti e Pierantonio Piatti. 260 $aFirenze :$bSismel-Edizioni del Galluzzo,$c2013. 300 $aXXVI, 1029 p., [20] c. di tav. :$bill. ;$c24 cm 490 1 $aToscana sacra ;$v04 504 $aBibliografia in nota. 650 4$aArchitettura sacra.$0(OLS)http://pul/subject/5623 650 4$aChiese cristiane$xArchitettura.$0(OLS)http://pul/subject/41327 700 1 $aBenvenuti, Anna.$0(OLS)http://pul/name/86008 700 1 $aPiatti, Pierantonio,$d1977-$0(OLS)http://pul/name/75694 830 0$aToscana sacra ;$v04.$0(OLS)http://pul/title/179866 850 $aPUL 852 $aPUL$W1$xSL Cons. Gen., Altre Classi 3$y75$m726. 5 BENAN 1$j164027$qDDC 21$B164098$CPULBib$Z2$F164098 $H125441 $82 941 1 $a9 996 $6020$z9788884505002*$9(OLS)http://pul/number/157126 996 $6082$a726.5$9(OLS)http://pul/classification/2104 996 $6245$aCome a Gerusalemme :$bevocazioni, riproduzioni, imitazioni dei luoghi santi tra Medioevo ed età moderna$9(OLS)http://pul/title/179865 996 $6260$aFirenze :$bSismel-Edizioni del Galluzzo$9(OLS)http://pul/publisher/79162